Statistics for Formula 1: Drivers with the highest win percentage

Click here to take the quiz!

General Stats

  • This quiz has been taken 347 times
    (259 since last reset)
  • The average score is 17 of 20

Answer Stats

Win %DriverActive YearsCountry% Correct
35.8Lewis Hamilton2007-United Kingdom
100%
19.0Sebastian Vettel2007-Germany
99%
25.5Ayrton Senna1984-1994Brazil
98%
14.2Max Verstappen2015-Netherlands
98%
29.6Michael Schumacher1991-2006, 2010-2012Germany
97%
25.6Alain Prost1980-1991,1993France
96%
47.1Juan Manuel Fangio1950-1951, 1953-1958Argentina
96%
40.6Alberto Ascari1950-1955Italy
94%
12.4Mika Häkkinen1991-2001Finland
93%
14.6Niki Lauda1971-1979, 1982-1985Austria
93%
19.1Damon Hill1992-1999United Kingdom
90%
15.2Nino Farina1950-1955Italy
89%
11.3Nelson Piquet1978-1991Brazil
88%
27.2Jackie Stewart1965-1973United Kingdom
85%
16.6Nigel Mansell1980-1992, 1994-1995United Kingdom
84%
11.4Jack Brabham1955-1970Australia
83%
34.7Jim Clark1960-1968United Kingdom
82%
24.2Stirling Moss1951-1961United Kingdom
76%
15.8Tony Brooks1956-1961United Kingdom
35%
14.3Luigi Fagioli1950-1951Italy
34%

Score Distribution

Percentile by Number Answered

Percent of People with Each Score

Your Score History

You have not taken this quiz since the last reset